000 01588cam a22004334i 4500
003 PE-LiUPU
005 20250731173139.0
008 150623s r 000 0 d
035 _a(Sirsi) a27238
040 _aPE-LiUPU
_bspa
_cPE-LiUPU
_erda
082 0 4 _a268.4
_bT881985-86
_221
245 0 0 _aTarbell's teacher's guide :
_bto the international sunday school lessons includes the RSV and KJV /
_cWilliam Pierson Barker, ed.
264 1 _aOld Tappan, New Jersey :
_bFleming H. Revell Company,
_c1985.
300 _a330 páginas ;
_c23 cm.
336 _atext
_2rdacontent
337 _aunmediated
_2rdamedia
338 _avolume
_2rdacarrier
505 0 _aLista de lecciones biblicas para adultos.
526 _aSEG42
526 _aSEG41
526 _aSEG40
526 _aSEG39
526 _aP94
526 _aP87
526 _aP86
526 _aP85
526 _aP77
526 _aP76
526 _aP35
630 _aBiblia
_xestudio y enseñanza.
650 0 4 _aEducación religiosa
_xTextos para adultos
_vGuía.
650 0 4 _aIglesia presbiteriana
_xLecciones escuela dominical.
700 1 _aPierson Barker, William,
_eed.
942 _2ddc
_cBOOK
949 _a268.4 T88 1985-86
_wDEWEY
_c1
_i52525
_lCCODEBUL1
_mBUL
_p5.00
_r0
_sY
_tBOOK
_u2015-06-24
_xTEOLOGIA
_PP35
_0COMPRA
_o.STAFF. Colección General
596 _a1
999 _a268.4 T88 1985-86
_wDEWEY
_c34357
_i52525
_f2021-11-10
_g5
_lCCODEBUL1
_mBUL
_p5.00
_r0
_sY
_tBOOK
_u2015-6-24
_xTEOLOGIA
_PP35
_0COMPRA
_o.STAFF. Colección General
_d34357
980 _81
_gALBERTO SANCHEZ Responsable de Automatización